| 000 | 00000nam##2200000za#4500 |
| 001 | 9.571048 |
| 003 | CaOODSP |
| 005 | 20210624182532 |
| 007 | cr ||||||||||| |
| 008 | 150406|2006||||xxc|||||o f|0| 0 eng|d |
| 040 | |aCaOODSP|beng |
| 043 | |an-cn--- |
| 086 | 1 |aYC33-0/391-4-1E-PDF |
| 110 | 1 |aCanada. |bParliament. |bSenate. |bStanding Committee on National Security and Defence. |
| 245 | 10|aManaging turmoil : |h[electronic resource]|bthe need to upgrade Canadian foreign aid and military strength to deal with massive change / |cThe Honourable Colin Kenny, chair ; the Honourable Michael A. Meighen, deputy chair. |
| 246 | 3 |aAn interim report of the Standing Senate Committee on National Security and Defence |
| 250 | |a[1st ed.] |
| 260 | |aOttawa - Ontario : |bSenate. |cOctober 2006. |
| 300 | |a323p.|bcoloured maps, figs., graphs, references, tables |
| 490 | 1 |aReport of the Standing Senate Committee on National Security and Defence|v39th Parliament, 1st Session, [4th report] |
| 590 | |a11-12-Supp|b2011-07-29 |
| 775 | 08|tFace aux turbulences : |w(CaOODSP)9.601691 |
| 830 | #0|aReport of the Standing Senate Committee on National Security and Defence ;|v39th Parliament, 1st Session, [4th report]|w(CaOODSP)9.505249 |
| 856 | 40|ahttp://publications.gc.ca|qPDF|s2.82 MB|uhttps://publications.gc.ca/collections/collection_2011/sen/yc33-0/YC33-0-391-4-1-eng.pdf|y39th Parliament, 1st Session, [4th report] |